[Event "Bremen Silvester op"]
[Site "Bremen"]
[Date "2021.12.28"]
[Round "3"]
[White "Hentrop, Malte"]
[Black "Blumenthal Tuset, Sebastian"]
[Result "1-0"]
[WhiteElo "1790"]
[BlackElo "1187"]
[PlyCount "129"]
[EventDate "2021.12.21"]
[EventType "swiss"]
[EventRounds "7"]
[EventCountry "GER"]
[SourceTitle "CBM 205 Extra"]
[Source "ChessBase"]
[SourceDate "2022.01.31"]
[SourceVersion "1"]
[SourceVersionDate "2022.01.31"]
[SourceQuality "1"]

1. d4 d5 2. c4 e6 3. Nc3 c6 4. Nf3 Nf6 5. Bg5 Be7 6. e3 Nbd7 7. Bd3 dxc4 8. Bxc4 Nb6 9. Bd3 0-0 10. 0-0 Nfd5 11. Bxe7 Qxe7 12. Rc1 Bd7 13. Ne4 Nc8 14. Ne5 f6 15. Nxd7 Qxd7 16. Nc5 Qe7 17. g3 e5 18. e4 Ndb6 19. Qb3+ Qf7 20. Qxf7+ Rxf7 21. dxe5 fxe5 22. Rfd1 Nd6 23. Bf1 Nb5 24. a4 Nd4 25. a5 Nc8 26. Bc4 Kf8 27. Bxf7 Ne2+ 28. Kg2 Nxc1 29. Bc4 b6 30. Nd7+ Ke7 31. Nxe5 b5 32. Nxc6+ Kf6 33. Bxb5 Nb3 34. f4 a6 35. e5+ Kf5 36. Bd3+ Kg4 37. Bxh7 Na7 38. Bg6 Rh8 39. Nxa7 Nc5 40. h3+ Rxh3 41. Bf5+ Kxf5 42. Kxh3 Ne4 43. Rd7 g5 44. Rf7+ Kg6 45. Rf6+ Nxf6 46. exf6 gxf4 47. gxf4 Kxf6 48. Kg4 Kg6 49. Nc6 Kf6 50. Nb4 Ke7 51. Nxa6 Ke6 52. Kg5 Kf7 53. f5 Kf8 54. b4 Kg7 55. b5 Kf7 56. Nb4 Ke7 57. Kg6 Kf8 58. a6 Kg8 59. b6 Kf8 60. f6 Ke8 61. b7 Kd8 62. b8Q+ Kd7 63. f7 Ke6 64. f8N+ Ke7 65. Nd5# 1-0

[Event "Bremen Silvester op"]
[Site "Bremen"]
[Date "2021.12.27"]
[Round "2"]
[White "Blumenthal Tuset, Sebastian"]
[Black "Schroeder, Harm"]
[Result "1/2-1/2"]
[WhiteElo "1187"]
[BlackElo "1664"]
[PlyCount "91"]
[EventDate "2021.12.21"]
[EventType "swiss"]
[EventRounds "7"]
[EventCountry "GER"]
[SourceTitle "CBM 205 Extra"]
[Source "ChessBase"]
[SourceDate "2022.01.31"]
[SourceVersion "1"]
[SourceVersionDate "2022.01.31"]
[SourceQuality "1"]

1. e4 e5 2. Nf3 Nc6 3. Bb5 a6 4. Ba4 Nf6 5. 0-0 b5 6. Bb3 Be7 7. d3 d6 8. Bd2 0-0 9. h3 Bb7 10. Nc3 Nd4 11. Nxd4 exd4 12. Ne2 c5 13. a4 Qd7 14. axb5 axb5 15. Ng3 Rxa1 16. Qxa1 Ra8 17. Qe1 Re8 18. f4 Bd8 19. Qf2 Qc7 20. Nf5 Bc8 21. g4 c4 22. Ba2 Bxf5 23. exf5 Qc6 24. g5 Nd5 25. Re1 Rxe1+ 26. Qxe1 Kf8 27. Qe2 f6 28. dxc4 bxc4 29. Qxc4 Qxc4 30. Bxc4 Ne7 31. Bd3 Bb6 32. Kg2 d5 33. c3 dxc3 34. Bxc3 d4 35. Bb4 Ke8 36. Bb5+ Kd8 37. Bxe7+ Kxe7 38. Kf3 Kd6 39. b3 Ke7 40. Ke4 h6 41. h4 Kd6 42. gxh6 gxh6 43. h5 Kc5 44. Bc4 Ba5 45. Be6 Bc3 46. Bc4 1/2-1/2